000 00635nam a2200205Ii 4500
003 JO-AjNU
008 230606s9999||||xx |||||||||||||| ||und||
020 _a0-582-21680-x
040 _aJO-AjNU
_beng
_erda
_cJO-AjNU
041 _aeng
050 1 4 _aPT2621.A26.Z76117 1995
100 3 _aDodd, William j,
_eauthor
_92803
245 0 0 _akAFka: The metamorphosis the trial and castle
264 3 1 _aLondon: longman ,1995
300 _a233p
336 _atext
_btxt
_2rdacontent
337 _aunmediated
_bn
_2rdamedia
338 _avolume
_bnc
_2rdacarrier
650 4 _a Kafka, Franz, 1883-1924 -- Criticism and interpretation. 
_92804
999 _aE1469
_c1469
_d1469